Normal view
MARC view
- السيوطي، عبد الرحمن بن أبي بكر بن محمد، 849-911 هجري؛ تحقيق عبد الغفار سليمان البنداري، تحقيق محمد السعيد بيسوني زغلول
Entry Personal Name
001 - CONTROL NUMBER
- control field: 8133
003 - CONTROL NUMBER IDENTIFIER
- control field: JO-AjAnu
005 - DATE AND TIME OF LATEST TRANSACTION
- control field: 20230606071619.0
008 - FIXED-LENGTH DATA ELEMENTS
- fixed length control field: 230606|| aca||aabn | a|a d
040 ## - CATALOGING SOURCE
- Original cataloging agency: JO-AjAnu
- Transcribing agency: JO-AjAnu
100 ## - HEADING--PERSONAL NAME
- Personal name: السيوطي، عبد الرحمن بن أبي بكر بن محمد، 849-911 هجري؛ تحقيق عبد الغفار سليمان البنداري، تحقيق محمد السعيد بيسوني زغلول
670 ## - SOURCE DATA FOUND
- Source citation: Work cat.: (JO-AjAnu)4202: السيوطي، عبد الرحمن بن أبي بكر بن محمد، 849-911 هجري؛ تحقيق عبد الغفار سليمان البنداري، تحقيق محمد السعيد بيسوني زغلول, author, مقامات السيوطي